| 000 | 00512nam a22001932 4500 | ||
|---|---|---|---|
| 001 | 0000006295 | ||
| 005 | 20170406121405.0 | ||
| 008 | 160617s xx 000 0 eng d | ||
| 020 | _c$20.00 | ||
| 040 |
_aYour Holding Symbol _cYour Holding Symbol |
||
| 100 | 1 | _aLipsey,Richard G. | |
| 245 | 1 | 3 | _aAn introduction to positive economics. |
| 250 | _a7th ed. | ||
| 260 |
_alondon : _bELBS, _c1963. |
||
| 300 |
_a808 p. ; _c cm. |
||
| 504 | _aINDEX. | ||
| 650 | 0 | _aEconomics. | |
| 908 | _a160617 | ||
| 999 |
_c6040 _d6040 |
||